LEADER 02368oas 2200781 a 450 001 9910145057703321 005 20251114213013.0 011 $a1879-3452 035 $a(DE-599)ZDB2013377-7 035 $a(DE-599)2013377-7 035 $a(OCoLC)38995663 035 $a(CONSER) 2007233324 035 $a(CKB)954925471357 035 $a(EXLCZ)99954925471357 100 $a19980422a19799999 sy a 101 0 $aeng 135 $aurmnu|||||||| 181 $ctxt$2rdacontent 182 $cc$2rdamedia 183 $acr$2rdacarrier 200 10$aInternational journal of fatigue 210 $aGuildford, Surrey $cIPC Science and Technology Press$d1979- 300 $aRefereed/Peer-reviewed 300 $aTitle from contents screen (ScienceDirect, viewed Mar. 20, 2007). 300 $aPublished: Elsevier, <2000-> 311 08$a0142-1123 330 8 $a" ... is dedicated entirely to the full range of science and technology associated with fatigue. The scope of the journal includes the study, analysis, and modeling of fatigue and fatigue-related processes from the atomic level to global engineering behaviour, in all classes of materials and material systems." 517 3 $aFatigue 531 0 $aInt. j. fatigue 606 $aMaterials$xFatigue$vPeriodicals 606 $aManufactured Materials 606 $aMaterials Testing 606 $aStress, Mechanical 606 $aMate?riaux$xFatigue$vPe?riodiques 606 $aMaterials$xFatigue$2fast$3(OCoLC)fst01011834 608 $aPeriodicals.$2fast 615 0$aMaterials$xFatigue 615 2$aManufactured Materials. 615 2$aMaterials Testing. 615 2$aStress, Mechanical. 615 6$aMate?riaux$xFatigue 615 7$aMaterials$xFatigue. 712 02$aEuropean Structural Integrity Society 801 0$bOH1 801 1$bOH1 801 2$bOCL 801 2$bOCLCQ 801 2$bGUA 801 2$bOCLCQ 801 2$bUKMGB 801 2$bOCLCQ 801 2$bOCLCE 801 2$bOCLCF 801 2$bOCLCQ 801 2$bNLE 801 2$bVT2 801 2$bOCLCO 801 2$bOCLCQ 801 2$bUAB 801 2$bAUD 801 2$bUEJ 801 2$bSFB 801 2$bOCLCL 801 2$bOCLCQ 906 $aJOURNAL 912 $a9910145057703321 996 $aInternational journal of fatigue$9793563 997 $aUNINA